Moving Boxes by Air : (Record no. 3054)
[ view plain ]
| 000 -LEADER | |
|---|---|
| fixed length control field | 03798nam a2200565Ii 4500 |
| 006 - FIXED-LENGTH DATA ELEMENTS--ADDITIONAL MATERIAL CHARACTERISTICS--GENERAL INFORMATION | |
| fixed length control field | m o d |
| 007 - PHYSICAL DESCRIPTION FIXED FIELD--GENERAL INFORMATION | |
| fixed length control field | cr |
| 008 - FIXED-LENGTH DATA ELEMENTS--GENERAL INFORMATION | |
| fixed length control field | 181112s2018 fluab ob 001 0 eng d |
| 020 ## - INTERNATIONAL STANDARD BOOK NUMBER | |
| International Standard Book Number | 9781315180632 |
| Qualifying information | (e-book : PDF) |
| 040 ## - CATALOGING SOURCE | |
| Original cataloging agency | IMU Kochi Library |
| Language of cataloging | eng |
| 040 ## - CATALOGING SOURCE | |
| Original cataloging agency | |
| Description conventions | rda |
| 041 0# - LANGUAGE CODE | |
| Language code of text/sound track or separate title | eng |
| 041 1# - LANGUAGE CODE | |
| Language code of text/sound track or separate title | eng |
| 072 #7 - SUBJECT CATEGORY CODE | |
| Subject category code | BUS |
| Subject category code subdivision | 070100 |
| Source | bisacsh |
| 072 #7 - SUBJECT CATEGORY CODE | |
| Subject category code | TRP |
| Source | bicscc |
| 082 04 - DEWEY DECIMAL CLASSIFICATION NUMBER | |
| Classification number | 387.7/44 |
| 100 1# - MAIN ENTRY--PERSONAL NAME | |
| Personal name | Morrell, Peter S., |
| 245 10 - TITLE STATEMENT | |
| Title | Moving Boxes by Air : |
| Sub Title | The Economics of International Air Cargo / |
| 250 ## - EDITION STATEMENT | |
| Edition statement | Second edition. |
| 300 ## - PHYSICAL DESCRIPTION | |
| Extent | 1 online resource (384 pages) : |
| Other physical details | 201 illustrations, text file, PDF |
| 504 ## - BIBLIOGRAPHY, ETC. NOTE | |
| Bibliography, etc | Includes bibliographical references and index. |
| 520 3# - SUMMARY, ETC. | |
| Summary, etc | Air cargo is a key element of the global supply chain. It allows outsourcing of manufacturing to other countries and links production in both multinational and smaller enterprises. It has also been the most important driver of certain export industries in countries such as South Africa, Kenya and Chile. As a component of the air transport industry, air cargo makes the crucial difference between profit and loss on many long-haul routes.This second edition of Moving Boxes by Air offers a comprehensive and up-to-date guide to the business and practices of air cargo, with chapters dedicated to key issues such as current trends, market characteristics, regulation, airport terminal operations, pricing and revenues, and environmental impacts. The book illustrates the recent emphasis on mergers at the expense of alliances, which have not had the impact that they had on passenger operations. The section on security has been expanded to assess in more depth the threats to aircraft from terrorists, particularly in the lower cargo and passenger baggage compartments. Surcharges are examined and the book considers whether all airlines will follow the lead of some to do away with both fuel and security surcharges. The book concludes with a summary of the latest industry forecasts.Fully updated throughout, this edition is the definitive guide to air cargo for professionals within both the aviation and freight industries. |
| 530 ## - ADDITIONAL PHYSICAL FORM AVAILABLE NOTE | |
| Additional physical form available note | Also available in print format. |
| 650 #7 - SUBJECT ADDED ENTRY--TOPICAL TERM | |
| Topical term or geographic name as entry element | air traffic. |
| Source of heading or term | bisacsh |
| 650 #7 - SUBJECT ADDED ENTRY--TOPICAL TERM | |
| Topical term or geographic name as entry element | charter. |
| Source of heading or term | bisacsh |
| 650 #7 - SUBJECT ADDED ENTRY--TOPICAL TERM | |
| Topical term or geographic name as entry element | cross-border. |
| Source of heading or term | bisacsh |
| 650 #7 - SUBJECT ADDED ENTRY--TOPICAL TERM | |
| Topical term or geographic name as entry element | drones. |
| Source of heading or term | bisacsh |
| 650 #7 - SUBJECT ADDED ENTRY--TOPICAL TERM | |
| Topical term or geographic name as entry element | freighter. |
| Source of heading or term | bisacsh |
| 650 #7 - SUBJECT ADDED ENTRY--TOPICAL TERM | |
| Topical term or geographic name as entry element | global. |
| Source of heading or term | bisacsh |
| 650 #7 - SUBJECT ADDED ENTRY--TOPICAL TERM | |
| Topical term or geographic name as entry element | international. |
| Source of heading or term | bisacsh |
| 650 #7 - SUBJECT ADDED ENTRY--TOPICAL TERM | |
| Topical term or geographic name as entry element | supply chain. |
| Source of heading or term | bisacsh |
| 650 #7 - SUBJECT ADDED ENTRY--TOPICAL TERM | |
| Topical term or geographic name as entry element | transhipment. |
| Source of heading or term | bisacsh |
| 650 #7 - SUBJECT ADDED ENTRY--TOPICAL TERM | |
| Topical term or geographic name as entry element | unmanned aerial vehicles. |
| Source of heading or term | bisacsh |
| 650 #0 - SUBJECT ADDED ENTRY--TOPICAL TERM | |
| Topical term or geographic name as entry element | Aeronautics, Commercial |
| General subdivision | Freight. |
| 655 #0 - INDEX TERM--GENRE/FORM | |
| Genre/form data or focus term | Electronic books. |
| 700 1# - ADDED ENTRY--PERSONAL NAME | |
| Personal name | Klein, Thomas, |
| Relator term | |
| 710 2# - ADDED ENTRY--CORPORATE NAME | |
| Corporate name or jurisdiction name as entry element | Taylor and Francis. |
| 856 40 - ELECTRONIC LOCATION AND ACCESS | |
| Uniform Resource Identifier | <a href="https://www.taylorfrancis.com/books/9781315180632">https://www.taylorfrancis.com/books/9781315180632</a> |
| Public note | Click here to view. |
| 904 ## - LOCAL DATA ELEMENT D, LDD (RLIN) | |
| CATALOGER | Rudra Ranjan |
| 905 ## - LOCAL DATA ELEMENT E, LDE (RLIN) | |
| VERIFIER | Rudra Ranjan |
| 942 ## - ADDED ENTRY ELEMENTS (KOHA) | |
| Item type | E-Book |
| 264 #1 - | |
| -- | Boca Raton, FL : |
| -- | Routledge, |
| -- | 2018. |
| 336 ## - | |
| -- | text |
| -- | rdacontent |
| 337 ## - | |
| -- | computer |
| -- | rdamedia |
| 338 ## - | |
| -- | online resource |
| -- | rdacarrier |
| 505 00 - FORMATTED CONTENTS NOTE | |
| -- | Chapter 1: Air cargo traffic and capacity; Chapter 2: Air cargo market characteristics; Chapter 3: Economic and technical regulation; Chapter 4: Supply passenger and freight airlines; Chapter 5: Supply: integrated carriers, post offices and forwarders; Chapter 6: Air cargo alliances and mergers; Chapter 7: Aircraft and flight operations; Chapter 8: Airport and ground operations; Chapter 9: Distribution and marketing; Chapter 10: Pricing and revenues; Chapter 11: Airline costs; Chapter 12: Air cargo financial performance; Chapter 13: Air cargo and the environment; Chapter 14: Air cargo forecasting. |
No items available.